000 01260cam a2200277 a 4500
999 _c19736
_d19736
001 16315934
005 20170117124842.0
008 100706s2011 enka b 001 0 eng
010 _a 2010028616
020 _a9780419257004 (pbk. : alk. paper)
040 _aDLC
_cDLC
_dDLC
050 0 0 _aNA2794
_b.T74 2011
100 1 _aTregenza, Peter.
245 1 0 _aDaylighting :
_barchitecture and lighting design /
_cPeter Tregenza and Michael Wilson.
260 _aLondon ;
_aNew York :
_bRoutledge,
_c2011.
300 _avii, 290 p. :
_bill. (some col.) ;
_c28 cm.
504 _aIncludes bibliographical references and index.
650 0 _aDaylighting.
650 0 _aArchitectural design.
650 0 _aLight in architecture.
700 1 _aWilson, Michael
_q(Michael Peter),
_d1949-
942 _2lcc
_cBOOKS
_hNA2794 .T74 2011